Financially Savvy Households as a Way of Smoothing Shocks in the Market Economy System – The Case of Slovakia as a V4 Country
Predpokladáme, že posilnenie postavenia spotrebiteľov má ďalekosiahle výhody vrátane lepšieho rozhodovania, zlepšenia služieb od finančných sprostredkovateľov a v konečnom dôsledku aj celkovej finančnej stability. Hlavným cieľom príspevku je preto diskutovať o najefektívnejšom spôsobe dosiahnutia us...
Salvato in:
| Autore principale: | |
|---|---|
| Altri autori: | |
| Natura: | Capitolo di libro |
| Lingua: | inglese |
| Soggetti: | |
| Tags: |
Nessun Tag, puoi essere il primo ad aggiungerne!!
|
MARC
| LEADER | 00000naa a2200000 4500 | ||
|---|---|---|---|
| 001 | 0308240 | ||
| 005 | 20260130082644.7 | ||
| 041 | 0 | |a eng | |
| 044 | |a HU | ||
| 245 | 1 | 0 | |a Financially Savvy Households as a Way of Smoothing Shocks in the Market Economy System – The Case of Slovakia as a V4 Country |c Igor Dvornický, Kornélia Beličková |
| 520 | |a Predpokladáme, že posilnenie postavenia spotrebiteľov má ďalekosiahle výhody vrátane lepšieho rozhodovania, zlepšenia služieb od finančných sprostredkovateľov a v konečnom dôsledku aj celkovej finančnej stability. Hlavným cieľom príspevku je preto diskutovať o najefektívnejšom spôsobe dosiahnutia uspokojivých národných štandardov vo finančnej gramotnosti, aby bolo možné lepšie predvídať ekonomické šoky a reagovať na ne prostredníctvom finančných rozhodnutí domácností. | ||
| 610 | 2 | 0 | |a domácnosti |
| 610 | 2 | 0 | |a gramotnosť finančná |
| 610 | 2 | 0 | |a spotrebitelia |
| 610 | 2 | 0 | |a financie |
| 610 | 2 | 0 | |a ekonomika |
| 100 | 1 | |a Dvornický, Igor, 1985- | |
| 700 | 1 | |a Beličková, Kornélia, 1966- | |